[Event "Havana Province-ch 1st Cat"]
[Site "Havana"]
[Date "2010.11.08"]
[Round "17"]
[White "Gil Suarez, Jose Luis"]
[Black "Hevia Alejano, Carlos Antonio"]
[Result "1/2-1/2"]
[WhiteElo "2313"]
[BlackElo "2481"]
[PlyCount "68"]
[EventDate "2010.10.19"]
[EventType "tourn"]
[EventRounds "17"]
[EventCountry "CUB"]
[EventCategory "5"]
[SourceTitle "EXT 2019"]
[Source "ChessBase"]
[SourceDate "2018.10.10"]
[SourceVersion "1"]
[SourceVersionDate "2018.10.10"]
[SourceQuality "1"]

1. d4 Nf6 2. Nf3 e6 3. Bg5 h6 4. Bh4 c5 5. e3 b6 6. Nc3 cxd4 7. exd4 Bb7 8. Bd3 Be7 9. Qe2 d6 10. Bxf6 Bxf6 11. Ne4 Be7 12. c3 Nd7 13. 0-0 0-0 14. Ng3 Qc7 15. Rae1 Nf6 16. Nd2 Rac8 17. Nh5 Rfe8 18. Nxf6+ Bxf6 19. Qh5 a6 20. Re3 b5 21. a3 d5 22. Rg3 Qf4 23. Nb3 Kf8 24. Nc5 Rc7 25. Nxb7 Rxb7 26. Re3 Kg8 27. g3 Qd6 28. Rfe1 a5 29. Rf3 Qe7 30. Rfe3 b4 31. a4 Qd6 32. Rf3 Qe7 33. Rfe3 Qd6 34. Rf3 Qe7 1/2-1/2

[Event "Havana Province-ch 1st Cat"]
[Site "Havana"]
[Date "2010.10.29"]
[Round "10"]
[White "Alarcon Casellas, Rolando"]
[Black "Gil Suarez, Jose Luis"]
[Result "1-0"]
[WhiteElo "2388"]
[BlackElo "2313"]
[PlyCount "119"]
[EventDate "2010.10.19"]
[EventType "tourn"]
[EventRounds "17"]
[EventCountry "CUB"]
[EventCategory "5"]
[SourceTitle "EXT 2019"]
[Source "ChessBase"]
[SourceDate "2018.10.10"]
[SourceVersion "1"]
[SourceVersionDate "2018.10.10"]
[SourceQuality "1"]

1. e4 c5 2. Nf3 d6 3. d4 cxd4 4. Nxd4 Nf6 5. Nc3 a6 6. Bg5 e6 7. f4 Be7 8. Qf3 Qc7 9. 0-0-0 h6 10. Bh4 Nbd7 11. Bd3 g5 12. e5 gxh4 13. exf6 Nxf6 14. f5 e5 15. Nde2 Bd7 16. Be4 Bc6 17. Nd5 Bxd5 18. Bxd5 Nxd5 19. Rxd5 Qc4 20. f6 Bf8 21. b3 Qc6 22. Re1 0-0-0 23. Nc3 Rg8 24. Kb2 Kb8 25. Re4 Rc8 26. Rxh4 Rg6 27. Rc4 Qd7 28. Rxc8+ Qxc8 29. Rd2 Qg4 30. Qf2 Qf4 31. Qxf4 exf4 32. Nd5 h5 33. Nxf4 Rxf6 34. Nxh5 Rf5 35. g4 Rf3 36. Rd3 Rf2 37. h3 Kc7 38. Ng3 Bg7+ 39. Kc1 Be5 40. Nf5 Kd7 41. a4 b5 42. axb5 axb5 43. Kd1 Rf1+ 44. Ke2 Rc1 45. Ne3 Bf4 46. c3 Rb1 47. b4 Rc1 48. Nd5 Rc2+ 49. Ke1 Rc1+ 50. Rd1 Rxd1+ 51. Kxd1 Bg5 52. Ke2 Kc6 53. Ne3 Bf6 54. Kd3 Be5 55. c4 Bg3 56. Nd5 Be1 57. Nc3 bxc4+ 58. Kxc4 Bf2 59. b5+ Kc7 60. Ne4 1-0

[Event "Havana Province-ch 1st Cat"]
[Site "Havana"]
[Date "2010.10.20"]
[Round "2"]
[White "Gil Suarez, Jose Luis"]
[Black "Aguero Jimenez, Luis Lazaro"]
[Result "1/2-1/2"]
[WhiteElo "2313"]
[BlackElo "2403"]
[PlyCount "93"]
[EventDate "2010.10.19"]
[EventType "tourn"]
[EventRounds "17"]
[EventCountry "CUB"]
[EventCategory "5"]
[SourceTitle "EXT 2019"]
[Source "ChessBase"]
[SourceDate "2018.10.10"]
[SourceVersion "1"]
[SourceVersionDate "2018.10.10"]
[SourceQuality "1"]

1. d4 d5 2. c4 c6 3. Nc3 Nf6 4. Nf3 e6 5. cxd5 exd5 6. Bg5 Be7 7. e3 Bf5 8. Bd3 Bxd3 9. Qxd3 Nbd7 10. 0-0 0-0 11. Nd2 Re8 12. Rae1 Ne4 13. Bxe7 Qxe7 14. f3 Nxd2 15. Qxd2 Qg5 16. Qf2 f5 17. e4 fxe4 18. fxe4 Rf8 19. Qe3 Rxf1+ 20. Kxf1 Rf8+ 21. Kg1 Qxe3+ 22. Rxe3 Re8 23. Re2 Nf6 24. e5 Nd7 25. b4 Nf8 26. Rc2 Ne6 27. Ne2 a5 28. a3 axb4 29. axb4 Ra8 30. Rb2 Ra4 31. Kf2 Kf7 32. Ke3 Ra3+ 33. Kd2 Ke8 34. b5 cxb5 35. Nc3 Nxd4 36. Nxb5 Nxb5 37. Rxb5 Ra2+ 38. Kd3 Rxg2 39. Rxb7 Rxh2 40. Rxg7 Rh4 41. e6 h6 42. Rd7 Re4 43. Rxd5 Rxe6 44. Rd4 Kf7 45. Re4 Ra6 46. Ke2 Ra3 47. Kf2 1/2-1/2

[Event "Havana Portela Memorial"]
[Site "Havana"]
[Date "2010.03.11"]
[Round "8"]
[White "Gil Suarez, Jose Luis"]
[Black "Garcia Pantoja, Roberto"]
[Result "1/2-1/2"]
[WhiteElo "2309"]
[BlackElo "2392"]
[PlyCount "122"]
[EventDate "2010.03.03"]
[EventType "tourn"]
[EventRounds "11"]
[EventCountry "CUB"]
[EventCategory "4"]
[SourceTitle "EXT 2019"]
[Source "ChessBase"]
[SourceDate "2018.10.10"]
[SourceVersion "1"]
[SourceVersionDate "2018.10.10"]
[SourceQuality "1"]

1. d4 Nf6 2. Nf3 e6 3. Bg5 h6 4. Bh4 c5 5. e3 Nc6 6. c3 cxd4 7. exd4 Be7 8. Bxf6 Bxf6 9. Nbd2 0-0 10. Bd3 d5 11. 0-0 Bd7 12. Re1 Qb6 13. Rb1 Rae8 14. Nf1 e5 15. Ne3 Be6 16. dxe5 Nxe5 17. Nxe5 Bxe5 18. Qh5 Qc7 19. Nc2 Bf6 20. Nd4 Bxd4 21. cxd4 Qf4 22. Qe5 Qd2 23. Qe3 Qa5 24. b4 Qb6 25. Qd2 Bd7 26. Bc2 Bb5 27. a4 Bc4 28. Rxe8 Rxe8 29. Re1 Rxe1+ 30. Qxe1 Kf8 31. Qd2 Qd6 32. h3 b6 33. Qc3 Qf4 34. Qe3 Qd6 35. Qg3 Qxg3 36. fxg3 a5 37. bxa5 bxa5 38. Kf2 Ke7 39. g4 Kf6 40. h4 g5 41. h5 Ke6 42. Kf3 Kd6 43. Kf2 Ba6 44. Kf3 Bc8 45. Kg3 Bd7 46. Kf3 Bc6 47. Kg3 Be8 48. Kf3 f5 49. gxf5 Bxh5+ 50. g4 Be8 51. Bb3 Bc6 52. Kg3 Ba8 53. Bc2 Bc6 54. Bb3 Bb7 55. Kf3 Ba6 56. Ke3 Bf1 57. Bc2 Ke7 58. Bd3 Bg2 59. Kf2 Bh1 60. Kg3 Kf6 61. Kf2 Ke7 1/2-1/2

[Event "Havana Portela Memorial"]
[Site "Havana"]
[Date "2010.03.10"]
[Round "7"]
[White "Mendez Fortes, Eduardo Jesus"]
[Black "Gil Suarez, Jose Luis"]
[Result "1/2-1/2"]
[WhiteElo "2310"]
[BlackElo "2309"]
[PlyCount "58"]
[EventDate "2010.03.03"]
[EventType "tourn"]
[EventRounds "11"]
[EventCountry "CUB"]
[EventCategory "4"]
[SourceTitle "EXT 2019"]
[Source "ChessBase"]
[SourceDate "2018.10.10"]
[SourceVersion "1"]
[SourceVersionDate "2018.10.10"]
[SourceQuality "1"]

1. e4 c5 2. Nf3 d6 3. d4 cxd4 4. Nxd4 Nf6 5. Nc3 a6 6. Bc4 e6 7. Bb3 Nbd7 8. Bg5 Nc5 9. f4 Be7 10. Qf3 Qc7 11. 0-0 b5 12. f5 b4 13. fxe6 fxe6 14. e5 dxe5 15. Bxf6 Bxf6 16. Ne4 Nxe4 17. Qxe4 Qa7 18. Kh1 exd4 19. Bxe6 Kd8 20. Rf5 Bb7 21. Qf4 Qb6 22. Rxf6 gxf6 23. Qxf6+ Kc7 24. Qg7+ Kb8 25. Qxh8+ Ka7 26. Qe5 Re8 27. Re1 d3 28. cxd3 Qf2 29. Rg1 Bxg2+ 1/2-1/2

[Event "Havana Province-ch sf"]
[Site "Havana"]
[Date "2009.08.01"]
[Round "7"]
[White "Gil Suarez, Jose Luis"]
[Black "Fernandez Hernandez, Arturo Augusto"]
[Result "1-0"]
[WhiteElo "2285"]
[BlackElo "2270"]
[PlyCount "83"]
[EventDate "2009.07.23"]
[EventType "swiss"]
[EventRounds "9"]
[EventCountry "CUB"]
[EventCategory "1"]
[SourceTitle "EXT 2018"]
[Source "ChessBase"]
[SourceDate "2017.10.13"]
[SourceVersion "1"]
[SourceVersionDate "2017.10.13"]
[SourceQuality "1"]

1. d4 d5 2. c4 e6 3. Nf3 Nf6 4. Nc3 c6 5. e3 Nbd7 6. Bd3 dxc4 7. Bxc4 b5 8. Bd3 Bb7 9. 0-0 a6 10. e4 c5 11. d5 Qc7 12. dxe6 fxe6 13. Bc2 0-0-0 14. Ng5 Ne5 15. Qe2 Re8 16. f4 Nc6 17. Be3 h6 18. Nf3 g5 19. e5 gxf4 20. Bxf4 Nh5 21. Bd2 Rg8 22. Rf2 c4 23. Ne4 Nxe5 24. Nxe5 Qxe5 25. Bc3 Qd5 26. Rd1 Bc5 27. Rxd5 exd5 28. Nxc5 Rxe2 29. Rxe2 d4 30. Bxd4 Bd5 31. Bf5+ Kc7 32. Nxa6+ Kd6 33. Be5+ Ke7 34. Rd2 Be6 35. Bd6+ Kf6 36. Bxe6 Kxe6 37. Nc5+ Kf7 38. Rf2+ Kg6 39. Nd7 Ra8 40. g4 Ng7 41. Nf8+ Kg5 42. h3 1-0

[Event "Havana Rodriguez Memorial 1st"]
[Site "Havana"]
[Date "2007.06.30"]
[Round "5"]
[White "Gil Suarez, Jose Luis"]
[Black "Alarcon Casellas, Rolando"]
[Result "0-1"]
[WhiteElo "2308"]
[BlackElo "2308"]
[PlyCount "88"]
[EventDate "2008.06.27"]
[EventType "tourn"]
[EventRounds "14"]
[EventCountry "CUB"]
[SourceTitle "EXT 2019"]
[Source "ChessBase"]
[SourceDate "2018.10.10"]
[SourceVersion "1"]
[SourceVersionDate "2018.10.10"]
[SourceQuality "1"]

1. d4 d5 2. Nf3 Nf6 3. c3 c5 4. e3 Qb6 5. Nbd2 Bf5 6. Ne5 Nc6 7. f4 h5 8. Be2 Rc8 9. 0-0 e6 10. Kh1 h4 11. Bf3 Be7 12. Qe2 Ne4 13. Bxe4 dxe4 14. h3 f6 15. Ng4 Bg6 16. Qc4 Na5 17. Qa4+ Kf7 18. dxc5 Qxc5 19. Nxe4 Qc4 20. Ng5+ Kg8 21. Qxc4 Rxc4 22. Nxe6 Be4 23. Nf2 Bd5 24. Nd4 Ra4 25. a3 Nb3 26. Nxb3 Bxb3 27. e4 Bc5 28. Nd3 Bb6 29. Re1 Kf7 30. Be3 Rd8 31. Nf2 Bxe3 32. Rxe3 Rd2 33. Nd3 b6 34. Rae1 Bc4 35. Nb4 a5 36. Nd5 Rxb2 37. Nc7 Rxa3 38. e5 fxe5 39. fxe5 Raa2 40. e6+ Ke7 41. Re4 Re2 42. R1xe2 Bxe2 43. Nd5+ Kd6 44. Nxb6 Bb5 0-1